Formel 1 Podium 1952 - Statistiken

Allgemein
  • Dieses Quiz wurde 40 mal gespielt
  • Das Durchschnittsergebnis liegt bei 4 aus 12
Antwortstatistiken
Antwort % Korrekt
Alberto Ascari
100%
Giuseppe Farina
100%
Jose Froilan Gonzalez
63%
Mike Hawthorn
46%
Piero Taruffi
38%
Luigi Villoresi
25%
Jean Behra
13%
Sam Hanks
13%
Jim Rathmann
8%
Rudolf Fischer
8%
Troy Ruttman
8%
Robert Manzon
0%
Keine übereinstimmenden Quizze gefunden
Verteilung der Resultate
Anzahl Personen mit jedem Resultat
Perzentil nach korrekt beantworteten Fragen
Ihre Resultats-Entwicklung
Sie haben dieses Quiz noch nicht gespielt